Normal view MARC view

Entry Nombre personal

Number of records used in: 5

001 - NÚMERO DE CONTROL

  • campo de control: 20514

003 - IDENTIFICADOR DE NÚMERO DE CONTROL

  • campo de control: SpMaBN

005 - FECHA Y HORA DE LA ÚLTIMA TRANSACCIÓN

  • campo de control: 20231218150601.0

008 - ELEMENTOS DE DATO DE LONGITUD-FIJA

  • campo de control de longitud fija: 991115n| aijnnaabn |a aaa

016 ## - NÚMERO DE CONTROL DE UNA AGENCIA BIBLIOGRÁFICA NACIONAL

  • Número de control del registro: BNE19990589901

024 7# - IDENTIFICADOR DE OTROS ESTÁNDARES

  • Número estándar o código: https://isni.org/isni/0000000059377516
  • Fuente: isni

024 7# - IDENTIFICADOR DE OTROS ESTÁNDARES

  • Número estándar o código: http://viaf.org/viaf/51061060/
  • Fuente: viaf

040 ## - FUENTE DE CATALOGACIÓN

  • Centro catalogador/agencia de origen: SpMaBN
  • Lengua de catalogación: spa
  • Centro/agencia transcriptor: SpMaBN
  • Normas de descripción: rdc
  • Convención/Normas de encabezamiento de materia/tesauro: embne

046 ## - FECHAS CON CODIFICACIÓN ESPECIAL

  • Fecha de nacimiento: 1939

100 1# - ENCABEZAMIENTO-NOMBRE DE PERSONA

  • Nombre de persona: Altamira, Pilar,
  • Fechas asociadas al nombre: 1939-

373 ## - GRUPO ASOCIADO

  • Grupo asociado: Ateneo de Madrid
  • Fuente de información: Olmos, Víctor. Ágora de la libertad: historia del Ateneo de Madrid (2018-2019)

375 ## - GÉNERO/SEXO

  • Género: Femenino

377 ## - IDIOMA ASOCIADO

  • Código del idioma: spa
  • Término de lengua/lenguaje: Español

400 1# - TRAZADO DE VÉASE--NOMBRE DE PERSONA

  • Nombre de persona: Altamira García-Tapia, María Pilar,
  • Fechas asociadas al nombre: 1939-

400 1# - TRAZADO DE VÉASE--NOMBRE DE PERSONA

  • Nombre de persona: Altamira García Tapia, María Pilar,
  • Fechas asociadas al nombre: 1939-

670 ## - FUENTE DE DATOS ENCONTRADOS

  • Cita de la fuente: Relatos de tierra adentro, 1998
  • Información encontrada: port. (Pilar Altamira)

670 ## - FUENTE DE DATOS ENCONTRADOS

  • Cita de la fuente: WWW ISBN España, 03-12-2015
  • Información encontrada: (Altamira García-Tapia, María Pilar; 1939- )

678 ## - DATOS BIOGRÁFICOS O HISTÓRICOS

  • Datos biográficos o históricos: Socia del Ateneo de Madrid. Secretaria tercera del Ateneo en 2017-18
  • Ampliación de la nota: Fuente: Olmos, Víctor. Ágora de la libertad: historia del Ateneo de Madrid (2018-2019)

856 4# - LOCALIZACIÓN Y ACCESO ELECTRÓNICOS

  • Identificador Uniforme de Recursos: http://dialnet.unirioja.es/servlet/autor?codigo=2887455